Sports Quiz

Random Sports or MLB Quiz

MLB - Words Make the Man - 2015 (Clickable) Quiz Stats

 Plays Quiz not verified by Sporcle

Score 0/20 Timer 06:00
0 Plays Today
% Correct
Bryce
94.3%
Aroldis
93.4%
Curtis
93.4%
Jacoby
93.4%
Joba
92.5%
Manny
89.6%
Jason
87.7%
Mitch
84.9%
Melvin
84%
Adam
78.3%
% Correct
A.J.
77.4%
Chris
74.5%
Drew
65.1%
Brayan
64.2%
Brett
61.3%
Derek
46.2%
Kaleb
43.4%
Michael
39.6%
Nick
34%
David
27.4%

You're not logged in!

Compare scores with friends on all Sporcle quizzes.
OR
Log In

You Might Also Like...

Show Comments

Extras

Top Quizzes Today


Score Distribution

Your Account Isn't Verified!

In order to create a playlist on Sporcle, you need to verify the email address you used during registration. Go to your Sporcle Settings to finish the process.

Report this User

Report this user for behavior that violates our Community Guidelines.

Details: